=LDR 00000nam 2200000 4500 =001 INLIS000000000006591 =005 20230621110706 =035 ##$$a 0010-0622000452 =001 INLIS000000000006591 =005 20220622083527 =035 ##$$a 0010-0622000452 =245 ##$$a Niponica : $b Discovering Japan (Special Feature: Tiny but Awesome! Miniature Is Big in Japan) =100 #$$a Niponica =250 ##$$a No. 17 December 4, 2015 =300 ##$$a 27 halaman : $b Gambar ; $c 21x29.5 cm =856 ##$$a OPAC (Rak Majalah) =260 ##$$a Japan :$b Ministry of Foreign Affairs of Japan,$c 2015 =082 ##$$a 050.11 =084 ##$$a 050.11 NIP m =650 #4$$a Niponica 2017 =650 #4$$a Majalah 2017 =500 ##$$a The Traditional Decorative Arts of Japan, On A Minute Scale Magnificent and Meticulous =505 ##$$a Contents: Special Feature Tiny but Awesome! Miniatur is Big in Japan; The Tradisional Decorative Arts of Japan, on a Minute Scale-Magnificent and Meticulous; Timepiece Manufacturing; New Ways to Have Fun with Bonsai; Column A Fashion Motif Inspired by the Microscope; More Than Just Toys; Tasty Japan: Time to Eat! Kyara-ben; Strolling Japan Ise-Shima; Souvenirs of Japan Hashi-oki =008 230621################|##########|#|## =990 ##$$a 09/MJ-17